Using imagery analysis software for evaluation of spraying coverage (Record no. 71995)

MARC details
000 -LEADER
fixed length control field 00546nam a2200205Ia 4500
100 ## - MAIN ENTRY--AUTHOR NAME
Personal name Firveda M C
245 #0 - TITLE STATEMENT
Title Using imagery analysis software for evaluation of spraying coverage
260 ## - PUBLICATION, DISTRIBUTION, ETC. (IMPRINT)
Name of publisher Bragantia
Year of publication 2002
300 ## - PHYSICAL DESCRIPTION
Number of Pages 305-310
650 ## - SUBJECT ADDED ENTRY--TOPICAL TERM
Topical Term Distribution
650 ## - SUBJECT ADDED ENTRY--TOPICAL TERM
Topical Term Fluorescent tracer
650 ## - SUBJECT ADDED ENTRY--TOPICAL TERM
Topical Term Imagary analysis
650 ## - SUBJECT ADDED ENTRY--TOPICAL TERM
Topical Term Spraying
700 ## - ADDED ENTRY--PERSONAL NAME
Personal name Cantalogo-Junior A
700 ## - ADDED ENTRY--PERSONAL NAME
Personal name Correa I M
700 ## - ADDED ENTRY--PERSONAL NAME
Personal name Lino A C L
700 ## - ADDED ENTRY--PERSONAL NAME
Personal name Ramos Hamilton HUmberto
942 ## - ADDED ENTRY ELEMENTS (KOHA)
Koha item type Journals
Holdings
Withdrawn status Lost status Damaged status Not for loan Home library Current library Shelving location Date acquired Serial Enumeration / chronology Koha item type
      Journals RRII Library RRII Library Mycology 17/12/2021 Volume 61, Issue 3 Journals